[Event "Cheliabinsk"]
[Site "Cheliabinsk"]
[Date "1991.??.??"]
[Round "?"]
[White "Enhbat, P."]
[Black "Masternak, Grzegorz"]
[Result "1/2-1/2"]
[WhiteElo "2300"]
[BlackElo "2320"]
[PlyCount "40"]
[EventDate "1991.??.??"]
[EventType "tourn"]
[EventRounds "11"]
[EventCountry "URS"]
[EventCategory "7"]
[SourceTitle "CBM 025"]
[Source "ChessBase"]
[SourceDate "1991.12.01"]
[SourceVersion "1"]
[SourceVersionDate "1991.12.01"]
[SourceQuality "1"]

1. e4 e6 2. d4 d5 3. Nc3 Bb4 4. e5 Ne7 5. a3 Bxc3+ 6. bxc3 c5 7. Qg4 0-0 8. Bd3 f5 9. exf6 Rxf6 10. Bg5 Rf7 11. Qh5 g6 12. Qh4 Qa5 13. Bd2 c4 14. Be2 Nf5 15. Qg5 Nc6 16. Nf3 Nd6 17. 0-0 Ne4 18. Qe3 Bd7 19. Ng5 Nxg5 20. Qxg5 e5 1/2-1/2

[Event "Cheliabinsk-A"]
[Site "Cheliabinsk"]
[Date "1990.??.??"]
[Round "?"]
[White "Enhbat, P."]
[Black "Yakovich, Yuri"]
[Result "0-1"]
[WhiteElo "2200"]
[BlackElo "2520"]
[PlyCount "98"]
[EventDate "1990.??.??"]
[EventType "tourn"]
[EventRounds "14"]
[EventCountry "URS"]
[EventCategory "8"]
[SourceTitle "EXT 2000"]
[Source "ChessBase"]
[SourceDate "1999.11.16"]
[SourceVersion "1"]
[SourceVersionDate "1999.11.16"]
[SourceQuality "1"]

1. e4 c5 2. Nf3 Nc6 3. d4 cxd4 4. Nxd4 Nf6 5. Nc3 e5 6. Ndb5 d6 7. Bg5 a6 8. Na3 b5 9. Nd5 Be7 10. Bxf6 Bxf6 11. c3 0-0 12. Nc2 Bg5 13. a4 bxa4 14. Rxa4 Bb7 15. Bc4 Nb8 16. b4 Nd7 17. 0-0 a5 18. Qa1 axb4 19. Rxa8 Bxa8 20. cxb4 Nb6 21. Qa2 Nxc4 22. Qxc4 Qb8 23. Nce3 Bxe3 24. Nxe3 Rc8 25. Qd3 Qxb4 26. Nf5 Re8 27. f3 Qc5+ 28. Kh1 d5 29. exd5 Bxd5 30. Rd1 Be6 31. Qd8 Qf8 32. Qg5 f6 33. Qh5 g6 34. Nh6+ Kg7 35. Qh4 Rd8 36. Rxd8 Qxd8 37. h3 Qd2 38. Ng4 Qc1+ 39. Kh2 Qf4+ 40. Qg3 Qxg3+ 41. Kxg3 Bxg4 42. hxg4 Kf7 43. Kf2 Ke6 44. Ke3 Kd5 45. Kd3 f5 46. gxf5 gxf5 47. g4 fxg4 48. fxg4 e4+ 49. Ke3 Ke5 0-1